000 00392nam a2200145Ia 4500
008 230917s9999||||xx |||||||||||||| ||und||
040 _e114340
_aMAIN
041 _aEnglish
082 _a359.00954 G959M
100 _aGupta, Manoj
245 0 _aManagement for india maritime affairs: integrated
260 _aNew Delhi India
_bManas Publications
_c2005
300 _a246p. p.
942 _cBK
999 _c137824
_d137824